000 00505nam a2200181Ia 4500
008 090124s9999 xx 000 0 und d
082 _b16577
100 _aसाऴोखे विलास
245 _a मिथुन
250 _a1
260 _bगुरु ऊँ प्रकाशन
_c1983
300 _a102
600 _aसाऴोखे विलास
630 _a मिथुन
700 _aसाऴोखे विलास
730 _a मिथुन
942 _cBOOK
999 _c88793
_d88793